000 00991cam a22003011a 4500
001 17877
003 BD-RjUL
005 20211209000215.0
008 140219r19631943enk 000 0 eng
035 _a(BD-RjUL)17935
035 _a(OCoLC)3656628
040 _aDLC
_cICarbS
_dTxU-Hu
_dDLC
_dBD-RjUL
_beng
041 _aeng
082 _a808
_bGRR
100 1 _aGraves, Robert,
_d1895-1985.
_955177
245 1 4 _aThe reader over your shoulder :
_ba handbook for writers of English prose /
_c Robert Graves & Alan Hodge.
260 _aLondon :
_bJonathan Cape,
_c1943 [impression 1963]
300 _a446 p. ;
_c23 cm.
500 _a"First published 1943"--T.p. verso.
500 _aLast leaf pasted down.
510 4 _aHigginson, F.H. Graves,
_cA55a
650 0 _aEnglish prose literature
_xHistory and criticism.
_955178
650 0 _aEnglish language
_xStyle.
_952987
700 1 _aHodge, Alan,
_d1915-
_955179
942 _2ddc
_cBK
999 _c17877
_d17877